La Generalitat de Catalunya : junio 1977 - septiembre 1978 junio 1977 - septiembre 1978
Descripción Física:
76 p. ; 22 cm
Materias:
Catalunya. -- Generalitat
MARC
| LEADER | 00000nam a2200000Ia 4500 | ||
|---|---|---|---|
| 001 | 587 | ||
| 008 | 160829s1978 xx 000 0 cat d | ||
| 080 | |a M-2-160 | ||
| 110 | 1 | |a Catalunya. |b Generalitat |9 12125 | |
| 245 | |a La Generalitat de Catalunya : |b junio 1977 - septiembre 1978 | ||
| 260 | |a Barcelona : |b Servei de Publicacions de la Generalitat de Catalunya, |c 1978 | ||
| 300 | |a 76 p. ; |c 22 cm | ||
| 590 | |a Un altre exemplar en català: M-2-159. | ||
| 590 | |a Annexos amb un recull de disposicions i textos legals. | ||
| 590 | |a Publicació en ocasió del primer aniversari del restabliment de la Generalitat, 29 setembre 1978 | ||
| 610 | 1 | 0 | |a Catalunya. |b Generalitat |9 12125 |
| 901 | |a Arxiu | ||
| 942 | |n 1 | ||
| 952 | |0 0 |1 0 |4 0 |6 M2160 |7 1 |9 42606 |a Arxiu |b Arxiu |d 2016-12-01 |l 0 |o M-2-160 |p 587 |r 2016-12-01 00:00:00 |w 2016-12-01 |y ARXIU | ||
| 999 | |c 45111 |d 45111 | ||